| 000 | | | 03826cbc2a2200000#x 450 |
| 001 | | | b01857a438cd469b8d15c54466986548 |
| 005 | | | 20200826103947.0 |
| 100 | ## | $a | 20130925l19091909k y0rusy0189 ca |
| 101 | 0# | $a | rus |
| 102 | ## | $a | RU |
| 251 | ## | $c | Дело |
| 225 | 0# | $a | Фонд Совет министров (1905-1917) |
| | $h | Опись № 5 |
| | $i | 1909 г. |
| 300 | ## | $a | Машинописный текст |
| 324 | ## | $a | Пленка |
| 801 | #0 | $a | RU |
| | $b | РГИА |
| | $c | 20130925 |
| 801 | #1 | $a | RU |
| | $b | ГлавНИВЦ |
| | $c | 20130925 |
| | $2 | rusmarc |
| 801 | #2 | $a | RU |
| | $b | ПБ им. Б.Н. Ельцина |
| | $c | 20131007 |
| | $g | RCR |
| | $2 | rusmarc |
| 850 | ## | $a | Федеральное казенное учреждение "Российский государственный исторический архив" (РГИА) |
| 852 | ## | $a | РГИА |
| | $j | 79 |
| 937 | ## | $a | ASBIBLIO_SCAN |
| | $b | РГИА_1276:_5:_79: |
| | $d | 1446626 |
| | $h | РГИА |
| 200 | 1# | $a | По ходатайству Импермской городской думы о принятии мер к разгрузке пермских исправительного отделения и губернской тюрьмы в связи с эпидемией тифа среди заключенных |
| | $j | 13 - 28 февраля 1909 года |
| 215 | ## | $a | 11 листов |
| 035 | ## | $a | b01857a438cd469b8d15c54466986548 |
| 605 | ## | $2 | acquisition_Prlib |
| | $3 | LIBNET\UAF\0000089563 |
| | $a | Предупреждение и борьба с эпидемиями в России |
| | $l | коллекция |
| 122 | 2# | $a | d19090213## |
| | $a | d19090228## |
| 461 | #0 | $1 | 001c7912e80-a322-4844-9992-beca65726c82 |
| | $1 | 2001 |
| | $a | Совет министров (1905-1917) |
| | $1 | 251 |
| | $c | Фонд |
| | $1 | 852 |
| | $j | 1276 |
| 462 | #0 | $1 | 00164261bc6-18ac-401c-bae1-b17ceb7bb47e |
| | $1 | 2001 |
| | $a | 1909 г. |
| | $v | Д. 79 |
| | $1 | 251 |
| | $c | Опись |
| | $1 | 852 |
| | $j | 5 |